Abiotic transformation of hexahydro-1,3,5-trinitro-1,3,5-triazine by FeII bound to magnetite /

Saved in:
Bibliographic Details
Other Authors: Gregory, Kelvin B., Larese-Casanova, Philip., Parkin, Gene F., Scherer, Michelle M.
Format: Article
Language:English
Subjects:
Tags: Add Tag
No Tags, Be the first to tag this record!
Institutions: Thư viện Trường Đại học Đà Lạt
LEADER 01025nam a2200337 4500
001 DLU090094469
005 ##20091201
040 # # |a DLU  |b eng 
041 # # |a eng 
044 # # |a us 
245 # # |a Abiotic transformation of hexahydro-1,3,5-trinitro-1,3,5-triazine by FeII bound to magnetite /  |c Kelvin B. Gregory ... [et al.]. 
653 # # |a Abiotic transformation 
653 # # |a Degradation 
653 # # |a Geochemistry 
653 # # |a Iowa 
653 # # |a Organic compounds 
653 # # |a Water pollution 
700 # # |a Gregory, Kelvin B. 
700 # # |a Larese-Casanova, Philip. 
700 # # |a Parkin, Gene F. 
700 # # |a Scherer, Michelle M. 
773 # # |t Environmental Science & Technology  |g Vol. 38, no. 5 (March 2004), p. 1408-1414 
920 # # |a Phòng Tạp chí -- Trung tâm Thông tin - Thư viện Trường Đại học Đà Lạt 
994 # # |a DLU 
900 # # |a True 
911 # # |a Trương Bảo Trâm Anh 
925 # # |a G 
926 # # |a A 
927 # # |a BB 
980 # # |a Thư viện Trường Đại học Đà Lạt